| 000 | 00424pam a2200157a 44500 | ||
|---|---|---|---|
| 008 | 230515b2013 xxu||||| |||| 00| 0 eng d | ||
| 020 | _a978-93-5090-187-8 | ||
| 041 | _aENGLISH | ||
| 082 | _a6107342 | ||
| 100 | _aMAHAJAN , GUPTA,ROY,SAHA | ||
| 245 | _aTEXTBOOK OF PREVENTIVE AND SOCIAL MEDICINE | ||
| 250 | _a4 | ||
| 260 |
_a _bJAYPEE BROTHERS MEDICAL PUBLISHERS (P) LTD. _c2013 |
||
| 300 | _aXVII,703 | ||
| 650 | _aNULL | ||
| 999 |
_c508866 _d508866 |
||